[Event "Cherepovets Severstal 50"]
[Site "Cherepovets"]
[Date "2005.03.03"]
[Round "10"]
[White "Andreev, Evgenij"]
[Black "Borisenko, Andrei"]
[Result "1/2-1/2"]
[WhiteElo "2327"]
[BlackElo "2372"]
[PlyCount "39"]
[EventDate "2005.02.21"]
[EventType "tourn"]
[EventRounds "11"]
[EventCountry "RUS"]
[EventCategory "4"]
[SourceTitle "EXT 2006"]
[Source "ChessBase"]
[SourceDate "2005.11.24"]
[SourceVersion "1"]
[SourceVersionDate "2005.11.24"]
[SourceQuality "1"]

1. e4 c6 2. d4 d5 3. Nc3 dxe4 4. Nxe4 Nf6 5. Nxf6+ gxf6 6. c3 h5 7. Nf3 Bg4 8. Bc4 e6 9. h3 Bxf3 10. Qxf3 Nd7 11. Bf4 Nb6 12. Bb3 Nd5 13. Bd2 Bh6 14. Bxh6 Rxh6 15. h4 Qd6 16. 0-0-0 Qf4+ 17. Qxf4 Nxf4 18. g3 Nd5 19. c4 Nb6 20. Kd2 1/2-1/2

[Event "Cherepovets Severstal 50"]
[Site "Cherepovets"]
[Date "2005.03.03"]
[Round "7"]
[White "Ekdyshman, Mikhail"]
[Black "Andreev, Evgenij"]
[Result "1/2-1/2"]
[WhiteElo "2422"]
[BlackElo "2327"]
[PlyCount "31"]
[EventDate "2005.02.21"]
[EventType "tourn"]
[EventRounds "11"]
[EventCountry "RUS"]
[EventCategory "4"]
[SourceTitle "EXT 2006"]
[Source "ChessBase"]
[SourceDate "2005.11.24"]
[SourceVersion "1"]
[SourceVersionDate "2005.11.24"]
[SourceQuality "1"]

1. e4 e6 2. d4 d5 3. Nc3 Nf6 4. Bg5 Be7 5. e5 Nfd7 6. Bxe7 Qxe7 7. f4 0-0 8. Nf3 c5 9. a3 Nc6 10. Qd2 cxd4 11. Nb5 f6 12. Nbxd4 fxe5 13. Nxc6 bxc6 14. fxe5 c5 15. Be2 c4 16. 0-0 1/2-1/2

[Event "Cherepovets Severstal 50"]
[Site "Cherepovets"]
[Date "2005.02.28"]
[Round "4"]
[White "Andreev, Evgenij"]
[Black "Aleskerov, Faik"]
[Result "1-0"]
[WhiteElo "2327"]
[BlackElo "2319"]
[PlyCount "73"]
[EventDate "2005.02.21"]
[EventType "tourn"]
[EventRounds "11"]
[EventCountry "RUS"]
[EventCategory "4"]
[SourceTitle "EXT 2006"]
[Source "ChessBase"]
[SourceDate "2005.11.24"]
[SourceVersion "1"]
[SourceVersionDate "2005.11.24"]
[SourceQuality "1"]

1. e4 c6 2. d4 d5 3. Nc3 dxe4 4. Nxe4 Bf5 5. Ng3 Bg6 6. h4 h6 7. Nf3 Nd7 8. h5 Bh7 9. Bd3 Bxd3 10. Qxd3 e6 11. Bf4 Qa5+ 12. Bd2 Qc7 13. 0-0-0 0-0-0 14. Ne4 Ngf6 15. g3 Nxe4 16. Qxe4 Bd6 17. Kb1 Kb8 18. c4 c5 19. Bc3 Ka8 20. d5 exd5 21. Qxd5 Nb6 22. Qf5 Nxc4 23. Bxg7 Rhe8 24. Rhe1 Rxe1 25. Rxe1 Qc6 26. Qe4 Qb5 27. Rc1 Nb6 28. Bxh6 Re8 29. Qf5 Nc4 30. Bg7 Re2 31. Ka1 Rxb2 32. Rxc4 Rxf2 33. Rc1 Qe2 34. Qd5 c4 35. Qxc4 Qxf3 36. Qc8+ Bb8 37. Qxb8+ 1-0

[Event "Cherepovets Severstal 50"]
[Site "Cherepovets"]
[Date "2005.02.26"]
[Round "2"]
[White "Andreev, Evgenij"]
[Black "Sazhin, Evgeny"]
[Result "1-0"]
[WhiteElo "2327"]
[BlackElo "2402"]
[PlyCount "115"]
[EventDate "2005.02.21"]
[EventType "tourn"]
[EventRounds "11"]
[EventCountry "RUS"]
[EventCategory "4"]
[SourceTitle "EXT 2006"]
[Source "ChessBase"]
[SourceDate "2005.11.24"]
[SourceVersion "1"]
[SourceVersionDate "2005.11.24"]
[SourceQuality "1"]

1. e4 c5 2. Nf3 g6 3. d4 cxd4 4. Nxd4 Nc6 5. c4 Nf6 6. Nc3 Nxd4 7. Qxd4 d6 8. Be3 Bg7 9. f3 0-0 10. Qd2 a5 11. b3 a4 12. b4 Be6 13. Rc1 a3 14. Be2 Rc8 15. Nb5 Ra8 16. 0-0 Qd7 17. Rfd1 Rfc8 18. Bf1 Qe8 19. Nd4 Bd7 20. Rc3 Ra4 21. Rb1 Be6 22. Nxe6 fxe6 23. Rcc1 Rd8 24. Qc2 Raa8 25. Qb3 Qf7 26. Rd1 Nh5 27. c5 d5 28. b5 d4 29. Bf2 Be5 30. g3 g5 31. Bc4 Ng7 32. Qd3 h5 33. Bb3 Kh8 34. Rbc1 h4 35. c6 bxc6 36. Rxc6 Rf8 37. Rc5 Qf6 38. Rxe5 Qxe5 39. Bxd4 Qc7 40. Qe3 hxg3 41. Qxg5 gxh2+ 42. Kh1 Rf6 43. Bxf6 exf6 44. Qxf6 Re8 45. Qh6+ Kg8 46. Qxh2 Qc3 47. Qg3 Kf7 48. Qf4+ Ke7 49. Qg5+ Kf8 50. Kg2 Qc7 51. Qf6+ Kg8 52. Rg1 Qd7 53. Kh1 Kh8 54. Qg6 Kg8 55. b6 Re7 56. Qf6 Kh8 57. Qg6 Kg8 58. Qh6 1-0